| 000 | 00819cam a2200205 i 4500 | ||
|---|---|---|---|
| 999 |
_c58238 _d58238 |
||
| 001 | 18762171 | ||
| 005 | 20221110130022.0 | ||
| 008 | 150827s2016 njua b 001 0 eng | ||
| 020 | _a9780691170220x | ||
| 041 | _aeng | ||
| 080 | _a37+808.066 H-43 | ||
| 100 | 1 |
_aHeard, Stephen B. _912566 |
|
| 245 | 1 | 4 |
_aThe scientist's guide to writing : _bhow to write more easily and effectively throughout your scientific career / _cStephen B. Heard. |
| 264 | 1 |
_aPrinceton, New Jersey : _bPrinceton University Press, _c2016. |
|
| 300 |
_a306 pages : _billustrations ; _c24 cm. |
||
| 653 | _a სახელმძღვანელო სამეცნიერო წერისთვის | ||
| 653 | _aტექნიკური წერა | ||
| 653 | _aსამეცნიერო წერა | ||
| 942 |
_2udc _cBK |
||